00655nam a2200193Ia 4500008004100000020001400041082001500055100002400070245005600094250000700150260004500157300003000202500001900232600002100251650005000272942000700322952011700329999001500446240925s9999 xx 000 0 und d a139613277 a003.54 WEL aWells Richard B. 0aApplied Coding and Information Theory for Engineers aNA aNew Jersey:bPrintice- Hall Int.c,1999. axxvii,735p.bNAfOriginal aIncludes Index aComputer Science aComputer science, information & general works cBK 001040708CSaUITUbUITUd2007-12-16eF.B.Cg350.00l0o003.54 WELpQ7258r2024-09-25 07:14:32w2024-09-25yBK c9757d9757